000 00585nam a2200229Ia 4500
005 20250425162039.0
008 250425s9999 xx 000 0 und d
020 _a9879460081
041 _aspa
043 _aag
082 _a006.6869
100 _aMITNIK, MARCELA
245 0 _aPUBLISHER EN LAS PYMES: SOLUCIONES INFORMATICAS PARA LA PEQUEÑA Y MEDIANA EMPRESA
250 _a1A ED.
260 _aArgentina
_bPRENTICE HALL
_c2000
260 _aBUENOS AIRES
300 _a228
650 _aCOMPUTACION
650 _aMICROSOFT PUBLISHER
942 _c01
010 _a42654
999 _c221289
_d221289